Statistics for Electric Guitars

Click here to take the quiz!

General Stats

  • This quiz has been taken 161 times
  • The average score is 6 of 25

Answer Stats

ModelCompany% Correct
TelecasterFender
100%
Les PaulGibson
88%
Flying VGibson
70%
Duo-SonicFender
42%
CasinoEpiphone
36%
MusicmasterFender
30%
360-12Rickenbacker
29%
StingrayMusic Man
27%
CoronadoFender
23%
Country GentlemanGretsch
23%
CoronetEpiphone
20%
MarauderGibson
20%
ByrdlandGibson
18%
ShorthornDanelectro
13%
StarfireGuild
11%
BreadwinnerOvation
10%
SabreMusic Man
9%
ComancheG&L
8%
Love RockTokai
8%
PhantomVox
8%
MeteorHarmony
6%
FlyteBurns
5%
LuciteAmpeg
4%
ImpalaHagström
2%
SwingmasterKay
2%

Score Distribution

Percentile by Number Answered

Percent of People with Each Score

Your Score History

You have not taken this quiz